| 000 -LEADER |
| fixed length control field |
00516cam a22001697i 4500 |
| 020 ## - INTERNATIONAL STANDARD BOOK NUMBER |
| ISBN |
9781786762047 (hbk.) |
| 020 ## - INTERNATIONAL STANDARD BOOK NUMBER |
| ISBN |
1786762048 (hbk.) |
| 040 ## - CATALOGING SOURCE |
| Transcribing agency |
EYM |
| 082 04 - DEWEY DECIMAL CLASSIFICATION NUMBER |
| Classification number |
630 BUR 2019 A007 Or. |
| 245 00 - TITLE STATEMENT |
| Title |
Precision agriculture for sustainability / |
| 300 ## - PHYSICAL DESCRIPTION |
| Number of Pages |
xix, 494 pages : |
| Other physical details |
illustrations (some color), charts ; |
| Dimensions |
24 cm. |
| 490 0# - SERIES STATEMENT |
| Series statement |
Burleigh Dodds series in agricultural science ; |
| 650 #0 - SUBJECT ADDED ENTRY--TOPICAL TERM |
| Topical Term |
Sustainable agriculture. |
| 650 #0 - SUBJECT ADDED ENTRY--TOPICAL TERM |
| Topical Term |
Precision farming. |
| 700 1# - ADDED ENTRY--PERSONAL NAME |
| Personal name |
Stafford, John, |
| 942 ## - ADDED ENTRY ELEMENTS (KOHA) |
| Koha item type |
ADB |
| 952 ## - LOCATION AND ITEM INFORMATION (KOHA) |
| Withdrawn status [LOCAL, KOHA] |
0 |
| 952 ## - LOCATION AND ITEM INFORMATION (KOHA) |
| Withdrawn status [LOCAL, KOHA] |
0 |
| 952 ## - LOCATION AND ITEM INFORMATION (KOHA) |
| Withdrawn status [LOCAL, KOHA] |
0 |